000
00305nam a22001217a 4500
003
OSt
008
150215b xxu||||| |||| 00| 0 eng d
100
1
_a
Ma, Zung-Sung
041
_a
eng
245
1
0
_a
MA's Illustrated Catalogue of the Stamps of China 1st Ed
260
_b
Shun Chang & Co
_c
1947
300
_a
0 pages
999
_c
751
_d
751